header

Crip theory (Record no. 249612)

MARC details
000 -LEADER
fixed length control field 02110nam a22004214a 4500
082 04 - DEWEY DECIMAL CLASSIFICATION NUMBER
Classification number 306.76/601
100 1# - MAIN ENTRY--AUTHOR NAME
Personal name McRuer, Robert,
245 10 - TITLE STATEMENT
Title Crip theory
260 ## - PUBLICATION, DISTRIBUTION, ETC. (IMPRINT)
Place of publication New York :
Name of publisher New York University Press,
Year of publication c2006.
300 ## - PHYSICAL DESCRIPTION
Number of Pages xvi, 283 p. :
Other physical details ill.
490 1# - SERIES STATEMENT
Series statement Cultural front
505 0# - FORMATTED CONTENTS NOTE
Formatted contents note Introduction : compulsory able-bodiedness and queer/disabled existence -- Coming out Crip : Malibu is burning -- Capitalism and disabled identity : Sharon Kowalski, interdependency, and queer domesticity -- Noncompliance : The transformation, Gary Fisher, and the limits of rehabilitation -- Composing queerness and disability : the corporate university and alternative corporealities -- Crip eye for the normate guy : queer theory, Bob Flanagan, and the disciplining of disability studies -- Epilogue : specters of disability.
650 #0 - SUBJECT ADDED ENTRY--TOPICAL TERM
Topical Term Sociology of disability.
Topical Term Homosexuality
Topical Term Heterosexuality
Topical Term Marginality, Social.
Topical Term Culture.
Topical Term Queer theory.
856 40 - ELECTRONIC LOCATION AND ACCESS
Uniform Resource Identifier http://site.ebrary.com/lib/rucke/Doc?id=10170579

No items available.

© 2026 Rongo University
Contact us: librarian | system librarian | Rongo university